| 000 | 00482pab a2200169 454500 | ||
|---|---|---|---|
| 008 | 180718b2011 xxu||||| |||| 00| 0 eng d | ||
| 100 | _aGehlot, N.S. | ||
| 245 | _aGujjars' agitation in Rajasthan: Politics behind reservations's demand | ||
| 260 | _c2011 | ||
| 300 | _ap.53-55. | ||
| 362 | _aJan-Jun | ||
| 650 | _aBackward classes - India - Rajasthan | ||
| 650 | _aBackward classes | ||
| 773 | _aSouth Asian Journal of Socio-Political Studies | ||
| 908 | _aN | ||
| 909 | _a92077 | ||
| 999 |
_c92077 _d92077 |
||